Osnovnyje napravlenija kreditnoj politiki v sovremennych uslovijach.

Podmienky formovania bankovej úverovej politiky ZSSR. Situácia v peňažno-úverovej oblasti. Hlavný cieľ a varianty úverovej politiky. Úverová politika v podmienkach pomalého tempa odštátnenia vlastníctva. Nástroje realizácie úverovej politiky. Vplyv úverovej reštrikcie na výrobu. Úverová politika v p...

Descripción completa

Guardado en:
Detalles Bibliográficos
Autor principal: Mirkin, Ja.M
Formato: Capítulo de libro
Lenguaje:ruso
Materias:
Etiquetas: Agregar Etiqueta
Sin Etiquetas, Sea el primero en etiquetar este registro!

MARC

LEADER 00000naa a2200000 4500
001 r002897
005 20220819194431.6
041 0 |a rus 
044 |a [SU] 
245 1 0 |a Osnovnyje napravlenija kreditnoj politiki v sovremennych uslovijach.  |c Ja.M. Mirkin 
520 |a Podmienky formovania bankovej úverovej politiky ZSSR. Situácia v peňažno-úverovej oblasti. Hlavný cieľ a varianty úverovej politiky. Úverová politika v podmienkach pomalého tempa odštátnenia vlastníctva. Nástroje realizácie úverovej politiky. Vplyv úverovej reštrikcie na výrobu. Úverová politika v podmienkach rýchleho tempa odštátnenia vlastníctva. 
610 2 0 |a politika úverová 
610 2 0 |a deetatizácia 
610 2 0 |a úver 
610 2 0 |a inflácia 
610 2 0 |a rubeľ 
610 2 0 |a reformy peňažné 
610 2 0 |a deficit 
610 2 0 |a rozpočet štátny 
610 2 0 |a banky 
610 2 0 |a ZSSR 
100 1 |a Mirkin, Ja.M.